Optimization of RFID Chip Placement in a Tire

Saved in:
Bibliographic Details
Main Author: Mošková, Zuzana (Author)
Other Authors: Paulen, Radoslav (Thesis advisor)
Format: Manuscript Book
Language:Slovak
English
Published: 2023
Subjects:
Online Access:http://is.stuba.sk/zp/portal_zp.pl?podrobnosti=169530
Tags: Add Tag
No Tags, Be the first to tag this record!

MARC

LEADER 00000ntm a22000003a 4500
001 stuzp94295
003 SK-STU
005 20230909221640.6
007 ta
008 150427s2015----xo-----f-mn---000-0-slo-d
040 |a STU  |b slo 
041 0 |a eng 
100 1 |a Mošková, Zuzana  |u 047220  |4 aut  |U FCHPT Ústav informatizácie, automatizácie a matematiky  |T FCHPT Oddelenie informatizácie a riadenia procesov  |X 97514  |U C7220  |Y 121  |7 97514 
242 0 1 |a Optimalizácia umiestnenia RFID čipu v pneumatike  |y slo 
245 1 0 |a Optimization of RFID Chip Placement in a Tire 
260 |c 2023 
650 4 |a ETL nástroje  |2 slo 
650 4 |a RFID technológia  |2 slo 
650 4 |a modelovanie založené na dátach  |2 slo 
650 4 |a ETL processes  |2 eng 
650 4 |a RFID technology  |2 eng 
650 4 |a data-based modeling  |2 eng 
700 1 |a Paulen, Radoslav  |u 047220  |k Z1  |4 ths  |U FCHPT Ústav informatizácie, automatizácie a matematiky  |T FCHPT Oddelenie informatizácie a riadenia procesov  |X 22507  |U C7220  |Y 121  |7 A000022507 
856 4 |u http://is.stuba.sk/zp/portal_zp.pl?podrobnosti=169530